00588nam a22001697a 450000500170000001000150001702000300003203500140006203700130007608200120008910000150010124500900011625000090020626000540021527000800026930000690034920220216115616.0 aENG-130112 a978-93-528-0820-5c395.00 aEN-113644 bDBAD/PUB a381.142 aTitus, Ray aRound the Clock:bHow a 24x7 Digital Marketplace Is Transforming Business/cRay Titus a2019 aNew DelhibSage Publications India Pvt Ltd c2019 aB1/I-1 Mohan Cooperative Industrial Area, Mathura Road bNew Delhie110044 axiv, 179p.c22cm (pbk)bEpilogue, Bibliography, About the Author